Geografía por Imágenes- Z - Estadísticas

Estadísticas generales
  • Esta prueba ha sido intentada 2.305 veces
  • La puntuación promedio es 8 de 15
Estadísticas de respuestas
Imagen Hint Respuesta % Correcto
país Zambia
97%
país Zimbabue
92%
capital Zagreb
84%
país (antiguo nombre) Zaire
67%
ciudad Zaragoza
66%
ciudad Zúrich
61%
idioma y grupo étnico Zulú
56%
moneda (nombre en polaco) Złoty
50%
archipiélago y comunidad autónoma Zanzíbar
48%
río Zambeze
36%
religión Zoroastrismo
31%
región (en rojo) Zelanda
24%
estación de esquí suiza Zermatt
18%
montaña más alta de alemania Zugspitze
15%
paraje natural en California {Zabriskie} Point
7%
No se encontraron pruebas coincidentes
Distribución de puntuación
Porcentaje de gente con cada puntuación
Porcentaje por número respondido
Historial de tus puntuaciones
No has intentado esta prueba.